Guía de control de calidad

Bibliographic Details
Main Author: Ishikawa, Kaoru
Format: Section = Libro
Language:Undetermined
Spanish
Published: México Bogota - Columbia 1985
Subjects:
LEADER 00599nam a2200217Ia 4500
008 240830s9999 xx 000 0 und d
020 |a 0-89059-046-X 
040 |a CEDOC FIQ-RUSB / 658.568 I79 
041 |a spa 
082 |a 658.568 I79 
100 1 |a Ishikawa, Kaoru 
245 1 0 |a Guía de control de calidad 
260 |a México  |b Bogota - Columbia  |c 1985 
300 |a 216 p. :il 
650 7 |a CONTROL DE CALIDAD - JAPON 
650 7 |b  CONTROL DE CALIDAD - MERCADO 
650 7 |c  METODOS ESTADISTICOS 
650 7 |d  CONTROL DE CALIDAD - AUDITORIA 
942 |c BK  |2 ddc 
991 |a TEXTO 
999 |c 13240